| 000 | 00521cam a2200181 4500500 | ||
|---|---|---|---|
| 005 | 20260405001900.0 | ||
| 041 | _afre | ||
| 042 | _adc | ||
| 100 | 1 | 0 |
_aBarton, Adrien _eauthor |
| 245 | 0 | 0 | _aHauteur de vue |
| 260 | _c2014. | ||
| 500 | _a89 | ||
| 690 | _aAdrien Barton | ||
| 690 | _aJeu | ||
| 690 | _aRelativité | ||
| 786 | 0 | _nPhilosophie magazine | 84 | 11 | 2014-11-01 | p. 89-89 | 1951-1787 | |
| 856 | 4 | 1 | _uhttps://shs.cairn.info/magazine-philosophie-magazine-2014-11-page-89?lang=fr&redirect-ssocas=7080 |
| 999 |
_c2051982 _d2051982 |
||